| 000 | 00349nam a22001457a 4500 | ||
|---|---|---|---|
| 020 | _a81-223-0530-X | ||
| 082 |
_a920 _bKOT/G |
||
| 100 | _aKOTHARI,AJAY KUMAR | ||
| 100 | _aSHARMA,VISHWA MITHRA | ||
| 245 | _aWORLD FAMOUS 101 GREAT LIVES | ||
| 260 |
_aHYDERABAD _bPUSTAK MAHAL |
||
| 300 | _a16 | ||
| 650 |
_a101 GREAT LIVES _zHYDERABAD |
||
| 942 | _cBK | ||
| 999 |
_c6409 _d6409 |
||